000 01548nam a2200445 i 4500
001 14388
003 KOSZ 005
005 20191016111604.0
008 071003s1971 pl a f f 000 0 pol
015 _aPB 1969/10342
035 _a991037011339705066
035 _a(PL-WaBN)b19931724-48omnis_nlop
035 _ab19931724
035 _a(OCoLC)829884473
035 _a(PL)b0000001993172
035 _a(EXLNZ-48OMNIS_NETWORK)9910288841905606
040 _aWA N
_cWA N
_dKOSZ 005/RW
046 _k1969
080 _a621.3(075)
100 1 _aHenig, Tadeusz.
_eAutor
245 1 0 _aUrządzenia elektryczne dla elektroenergetyków /
_cTadeusz Henig.
250 _aWydanie 3 poprawione.
260 _aWarszawa :
_bPaństwowe Wydawnictwo Szkolnictwa Zawodowego,
_c1971.
300 _a679, [1] stron, [1] karta tablic :
_bilustracje ;
_c23 cm.
336 _aTekst
_btxt
_2rdacontent
337 _aBez urządzenia pośredniczącego
_bn
_2rdamedia
338 _aWolumin
_bnc
_2rdacarrier
380 _aKsiążki
388 _a1901-2000
504 _aBibliografia na stronach 678-[680].
521 8 _aDla klasy 3, 4 i 5 technikum elektr.
658 _aInżynieria i technika
650 7 _aElektroenergetyka
655 7 _aPodręcznik
650 7 _aUrządzenia elektryczne
710 2 _aPaństwowe Wydawnictwo Szkolnictwa Zawodowego
_4pbl.
856 _uhttp://koha.tu.koszalin.pl/cgi-bin/koha/opac-detail.pl?biblionumber=14388
_yKatalog online BPK
942 _2UKD
_cKS
999 _c14388
_d14388